| 000 | 00897nam a22002777a 4500 | ||
|---|---|---|---|
| 001 | 9815 | ||
| 003 | FISKH | ||
| 005 | 20260226154713.0 | ||
| 008 | 260226b cb ||||| |||| 00| 0 eng d | ||
| 020 | _a9780531292532 | ||
| 040 |
_aFISKH _beng _cFISKH _dFISKH |
||
| 050 | _aHE6241 .S54 | ||
| 082 | _a383.145 | ||
| 100 | _aShepherd , Jodie | ||
| 245 |
_aA day with mail carriers / _cBy Jodi Shepherd |
||
| 260 |
_aNew York : _bChildren's Press : _c2013 . |
||
| 300 |
_a32 pages : _bcolor illustrations ; _c17 cm . |
||
| 490 | _aRookie Read-About Community | ||
| 505 | _aJ | ||
| 520 | _aLooks at a work day in the life of a mail carrier and the job they do, discussing how they deliver mail to both homes and businesses. | ||
| 521 | 8 |
_a470
_bLexile |
|
| 521 | 8 |
_aJ
_bRaz-Plus |
|
| 650 |
_aLetter carriers _vJuvenile Literature |
||
| 942 |
_2ddc _cBK _n0 |
||
| 999 |
_c9815 _d9815 |
||